[Event "Gent (Women) op"]
[Site "Gent"]
[Date "2024.01.06"]
[Round "6"]
[White "Vandekerckhove, Ava"]
[Black "Vermeulen, Hailey"]
[Result "0-1"]
[WhiteElo "1585"]
[BlackElo "1287"]
[PlyCount "84"]
[EventDate "2024.01.03"]
[EventType "swiss"]
[EventRounds "7"]
[EventCountry "BEL"]
[SourceTitle "CB09_2024"]
[SourceDate "2024.02.28"]
[SourceVersion "1"]
[SourceVersionDate "2024.02.28"]
[SourceQuality "1"]

1. c4 Nf6 2. Nc3 g6 3. e4 d6 4. d4 Bg7 5. f3 Nbd7 6. Be3 0-0 7. Qd2 e5 8. d5 a5 9. Bh6 Nc5 10. 0-0-0 Bd7 11. h4 Nh5 12. Nge2 Rb8 13. g4 Nf6 14. Bxg7 Kxg7 15. h5 Rh8 16. Bg2 Qe7 17. Ng3 a4 18. g5 Ne8 19. hxg6 fxg6 20. f4 exf4 21. Qxf4 Qe5 22. Qxe5+ dxe5 23. Kc2 Nd6 24. b3 axb3+ 25. axb3 b5 26. cxb5 Nxb5 27. Nxb5 Rxb5 28. Rb1 Rhb8 29. Rhf1 Rxb3 30. Rxb3 Rxb3 31. Ne2 Re3 32. Nc3 Na4 33. Nxa4 Bxa4+ 34. Kd2 Ra3 35. Bh1 Ra2+ 36. Kc3 Re2 37. Rf6 Bd7 38. Kd3 Rh2 39. Bf3 Rh3 40. Kc4 Rg3 41. Bd1 Rxg5 42. Ra6 Rg1 0-1

[Event "Gent (Women) op"]
[Site "Gent"]
[Date "2024.01.04"]
[Round "3"]
[White "Defour, Eline"]
[Black "Vermeulen, Hailey"]
[Result "1/2-1/2"]
[WhiteElo "1228"]
[BlackElo "1287"]
[PlyCount "55"]
[EventDate "2024.01.03"]
[EventType "swiss"]
[EventRounds "7"]
[EventCountry "BEL"]
[SourceTitle "CB09_2024"]
[SourceDate "2024.02.28"]
[SourceVersion "1"]
[SourceVersionDate "2024.02.28"]
[SourceQuality "1"]

1. e4 c5 2. Nf3 d6 3. Bc4 Nf6 4. d3 g6 5. 0-0 Bg7 6. Be3 0-0 7. c3 b6 8. Nbd2 d5 9. Bb3 dxe4 10. Nxe4 Nc6 11. Re1 Bb7 12. Bg5 Na5 13. Nxf6+ exf6 14. Bf4 Nxb3 15. axb3 Re8 16. Rxe8+ Qxe8 17. Nd2 Qd7 18. Nc4 Bd5 19. Ne3 Be6 20. Nc4 Bxc4 21. dxc4 Qxd1+ 22. Rxd1 g5 23. Be3 Re8 24. g3 Bf8 25. Rd7 Re7 26. Rxe7 Bxe7 27. Kg2 Kg7 28. Kf3 1/2-1/2